000 00570nam a2200229Ia 4500
003 OSt
005 20221005121704.0
006 a|||||r|||| 00| 0
007 ta
008 221004b |||||||| |||| 00| 0 san d
024 _a59472
037 _cTextual
040 _aCRL
_cCRL
_bsan
041 _2san
_asan
082 _aO15,2D40:g, 33K4
100 _aSujana Au.
_9630973
245 0 _aHradaya Souvada
260 _c1964
650 _aSANSKRIT LITERATURE
942 _hO15,2D40:g, 33K4
_cTEXL
_2cc
999 _c1041950
_d1041950